The X-Men Quiz - Statistics

General Stats
  • This quiz has been taken 1,730 times
  • The average score is 19 of 24
Answer Stats
Answer % Correct
Telepathy. Founder of The X-Men Professor X
99%
Healing Factor and Adamantium Skeleton Wolverine
99%
Shoots Lazers Out Of His Eyes Cyclops
98%
Controls The Weather At Will Storm
97%
Powerful Telepath. AKA Phoenix. Jean Grey
96%
Blue Man With Incredible Strength Beast
95%
Formed The Brotherhood Of Mutants. Controls All Metal Magneto
94%
Can Freeze Anything. A Cool Guy. Iceman
93%
Blue Teleporter… With A Tail Nightcrawler
93%
Absorbs Any Powers or Memories By Touch Rogue
93%
Blue Shape Shifter Mystique
87%
Can Turn His Skin Into Metal Colossus
85%
Throws Playing Cards. Cajun. Gambit
84%
Super Speed Quicksilver
83%
Incredibly loud Voice. Can Also Fly Banshee
76%
Has Telepathy and Diamond Coated Skin Emma Frost
74%
Super Fat Guy. Immovable Blob
72%
Unstoppable Once He Gains Momentum Juggernaut
72%
Dominion of Fire Pyro
71%
Phasing Ability Kitty Pryde
68%
Heightened Senses and Claws. Similar to Wolverine Sabertooth
63%
Superhuman Leap Toad
53%
Absorb and Re-Cast All Energy. From The Future Bishop
50%
Blue Face and Wings. Can Heal Others Also Archangel
45%
No matching quizzes found
Score Distribution
Percent of People with Each Score
Percentile by Number Answered
Your Score History
You have not taken this quiz